| 000 | 00573nam a2200205 i 4500 | ||
|---|---|---|---|
| 001 | 50146 | ||
| 003 | ES-MaACL | ||
| 005 | 20230906162130.0 | ||
| 007 | t| | ||
| 008 | 030731s1960 sp ||||1| spa d | ||
| 100 | 1 |
_aCromwell, J.L. _941688 |
|
| 245 | 1 | 0 |
_aQuema el suelo / _cJ. L. Cromwell ; [versión de Juan L. Calleja]. |
| 260 |
_a[Barcelona] : _bCisne, _c[1960] |
||
| 300 |
_a255 p. ; _c18 cm. |
||
| 490 | 1 | _aLibros Plaza | |
| 700 | 1 |
_aCalleja, Juan Luis. _933720 |
|
| 830 | 0 |
_aLibros Plaza _9181449 |
|
| 852 |
_aES-MaACL _jC-18789 _bR.46437 |
||
| 999 |
_c50146 _d50146 |
||